Statistics for NFL Team by Player

Click here to take the quiz!

General Stats

  • This quiz has been taken 22 times
  • The average score is 26 of 32

Answer Stats

PlayerPos.Time PlayedAnswer% Correct
Barry SandersRB1989-1998Detroit Lions
100%
Lawrence TaylorLB1981-1993New York Giants
100%
Walter PaytonRB1975-1987Chicago Bears
100%
Cam NewtonQB2011-2019Carolina Panthers
100%
Chad JohnsonWR2001-2010Cincinnati Bengals
95%
Dan MarinoQB1983-1999Miami Dolphins
89%
Tom BradyQB2000-2019New England Patriots
89%
Larry FitzgeraldWR2004-PresentArizona Cardinals
89%
Josh AllenQB2018-PresentBuffalo Bills
89%
Randy MossWR1998-2004Minnesota Vikings
89%
Peyton ManningQB1998-2011Indianapolis Colts
89%
Jerry RiceWR1985-2000San Francisco 49ers
89%
Patrick MahomesQB2017-PresentKansas City Chiefs
89%
Jim BrownFB1957-1965Cleveland Browns
89%
J. J. WattDE2011-PresentHouston Texans
89%
Deion SandersMany1989-1993Atlanta Falcons
89%
Bart StarrQB1956-1971Green Bay Packers
84%
Reggie WhiteDE1985-1992Philadelphia Eagles
84%
Joe NamathQB1965-1976New York Jets
84%
Champ BaileyCB2004-2013Denver Broncos
79%
Santonio HolmesWR2006-2009Pittsburgh Steelers
79%
Deacon JonesDE1961-1971Los Angeles Rams
68%
Lee Roy SelmonDE1976-1984Tampa Bay Buccaneers
68%
Tony BoselliOT1995-2001Jacksonville Jaguars
68%
Jermaine LewisWR1996-2001Baltimore Ravens
68%
Morten AndersenK1982-1994New Orleans Saints
63%
Gene UpshawG1967-1981Las Vegas Raiders
63%
Bob LillyDT1961-1974Dallas Cowboys
63%
Charlie JoinerWR1976-1986Los Angeles Chargers
58%
Bruce MatthewsMany1983-2001Tennessee Titans
58%
Mark MoseleyK1974-1986Washington Football Team
58%
Kenny EasleySS1981-1987Seattle Seahawks
53%

Score Distribution

Percentile by Number Answered

Percent of People with Each Score

Your Score History

You have not taken this quiz